System analysis techniques /
Guardado en:
| Autor Principal: | |
|---|---|
| Formato: | Libro |
| Idioma: | English |
| Publicado: |
Englewood Cliffs, N.J. :
Prentice-Hall,
c1969.
|
| Series: | Prentice-Hall electrical engineering series
Networks series. |
| Etiquetas: |
Agregar Etiqueta
Sin Etiquetas, Sea el primero en etiquetar este registro!
|
| LEADER | 00586cam a22001815 4500 | ||
|---|---|---|---|
| 001 | MAT.inmabb001877 | ||
| 008 | 690303s1969####njua#####b####001#0#eng#d | ||
| 005 | 20170614163543.0 | ||
| 245 | 1 | 0 | |a System analysis techniques / |c Ralph Deutsch. |
| 260 | |a Englewood Cliffs, N.J. : |b Prentice-Hall, |c c1969. | ||
| 300 | |a xvi, 472 p. : |b il. ; |c 24 cm. | ||
| 440 | 0 | |a Prentice-Hall electrical engineering series | |
| 440 | 0 | |a Networks series. | |
| 504 | |a Bibliografía: p. 457-464. | ||
| 100 | 1 | |a Deutsch, Ralph. | |
| 084 | |a 93-XX |2 msc2000 | ||
| 010 | |a 69013577 | ||
| 859 | |h 93 |i D486 |p A-3378 |b BIB. MATEMATICA | ||
